Sant Llorenç del Munt i l' Obac / fotografies: Joaquim Castells ; text: Miquel Desclot Joaquim Castells ; text:
Descripción Física:
177 p. : principalment il., col. ; 30 cm
Otros Autores:
Desclot, Miquel, 1952-
MARC
| LEADER | 00000nam a2200000Ia 4500 | ||
|---|---|---|---|
| 001 | 11388 | ||
| 008 | 160829s1996 xx 000 0 cat d | ||
| 080 | |a FOL-2-123 | ||
| 100 | |a Castells, Kim, |d 1947- |9 37595 | ||
| 245 | |a Sant Llorenç del Munt i l' Obac / fotografies: |b Joaquim Castells ; text: |b Miquel Desclot | ||
| 260 | |a Barcelona : |b Lunwerg : |b Diputació de Barcelona, |c 1996 | ||
| 300 | |a 177 p. : |b principalment il., col. ; |c 30 cm | ||
| 610 | 1 | 0 | |a Parc Natural de Sant Llorenç del Munt i l'Obac (Catalunya) |9 10145 |
| 700 | 1 | |a Desclot, Miquel, |d 1952- |9 36136 | |
| 710 | 1 | |a Barcelona (Catalunya : Província). |b Diputació |9 52408 | |
| 901 | |a Arxiu | ||
| 942 | |n 1 | ||
| 952 | |0 0 |1 0 |4 0 |6 FOL2123 |7 1 |9 47929 |a Arxiu |b Arxiu |d 2016-12-01 |l 0 |o FOL-2-123 |p 11388 |r 2016-12-01 00:00:00 |w 2016-12-01 |y ARXIU | ||
| 999 | |c 51729 |d 51729 | ||